Strategy and Strategic Management in Business Development
Stratégia a strategické riadenie ako dôležité podmienkay a predpoklady úspešného a dlhodobého rozvoja podnikov a organizácií. Stratégia je predpokladom rozvoja a rastu konkurenčnej sily organizácií všetkého druhu. Postavenie tohto dôležitého strategického nástroja prostredníctvom analýzy zásad v pro...
Gespeichert in:
| 1. Verfasser: | |
|---|---|
| Weitere Verfasser: | |
| Format: | Buchkapitel |
| Sprache: | Englisch |
| Schlagworte: | |
| Tags: |
Keine Tags, Fügen Sie das erste Tag hinzu!
|
MARC
| LEADER | 00000naa a2200000 4500 | ||
|---|---|---|---|
| 001 | 0261243 | ||
| 005 | 20240502074140.4 | ||
| 041 | 0 | |a eng | |
| 044 | |a SK | ||
| 245 | 1 | 0 | |a Strategy and Strategic Management in Business Development |
| 520 | |a Stratégia a strategické riadenie ako dôležité podmienkay a predpoklady úspešného a dlhodobého rozvoja podnikov a organizácií. Stratégia je predpokladom rozvoja a rastu konkurenčnej sily organizácií všetkého druhu. Postavenie tohto dôležitého strategického nástroja prostredníctvom analýzy zásad v procese zlepšovania riadenia stratégie. | ||
| 610 | 2 | 0 | |a subsidiarita |
| 610 | 2 | 0 | |a stratégia podniková |
| 610 | 2 | 0 | |a riadenie strategické |
| 610 | 2 | 0 | |a manažment strategický |
| 610 | 2 | 0 | |a efektívnosť |
| 100 | 1 | |a Daneshjo, Naqibullah, 1964- | |
| 700 | 1 | |a Dudáš-Pajerská, Erika, 1988- | |